Úloha BR OSN pri formovaní medzinárodnopolitického prostredia na konci studenej vojny diplomová práca

Guardado en:
Detalles Bibliográficos
Autor principal: Čavara, Peter
Autor Corporativo: Fakulta medzinárodných vzťahov EU. Katedra medzinárodných politických vzťahov
Otros Autores: Weiss, Peter
Formato: Libro
Lenguaje:eslovaco
Publicado: Bratislava 2008
Etiquetas: Agregar Etiqueta
Sin Etiquetas, Sea el primero en etiquetar este registro!

MARC

LEADER 00000nam$a2200000$$$4500
001 0075913
005 20240201120609.5
041 0 |a slo 
044 |a SK 
245 1 0 |a Úloha BR OSN pri formovaní medzinárodnopolitického prostredia na konci studenej vojny  |b diplomová práca  |c Peter Čavara ; škol. Peter Weiss 
264 1 |a Bratislava  |c 2008 
300 |a 53 s. 
100 1 |a Čavara, Peter 
700 1 |a Weiss, Peter 
710 2 |a Fakulta medzinárodných vzťahov EU. Katedra medzinárodných politických vzťahov